00565nam a2200169 a 450000500170000000800410001702000180005805000180007610000190009424500650011326000380017830000230021665000110023965000160025099900190026695201100028520140412111323.0010308s19uu xx 00 eng d a0-307-02179-3 aERbJu98 1990 aGilchrist, Guy aJust imagine :ba book of fairyland rhymes /cGuy Gilchrist. aNew York :bA Golden Book,c1990. a1 v. (unp.) ; ill. aRhymes aFairy Tales c104451d104451 00104050aELbELcERd2001-03-08eDonationl0oER Ju98 1990pE7861r2014-04-12 00:00:00w2014-04-12yBK